Conquistadora [Large Print] / by Esmeralda ... Read More
Available copies
- 1 of 1 copy available at LARL/NWRL Consortium.
- 1 of 1 copy available at Lake Agassiz Regional Library. (Show preferred library)
Current holds
0 current holds with 1 total copy.
Show All Copies
| Location | Call Number / Copy Notes | Barcode | Shelving Location | Status | Due Date |
|---|---|---|---|---|---|
| Crookston Public Library | LARGE PRINT SAN (Text) | 33500010621662 | Main | Available | - |
Record details
- ISBN: 9781410444226 (hardcover)
- ISBN: 1410444228 (hardcover)
- Physical Description: 707 p. (large print) ; 23 cm.
- Publisher: Waterville, Me. : Wheeler Pub., 2012.
Search for related items by subject
| Genre: | Historical fiction. |
| LDR | 01298cam a22003858a 4500 | ||
|---|---|---|---|
| 001 | 138896 | ||
| 003 | LARL_NWRL_CONSORTIUM | ||
| 005 | 20120124111333.0 | ||
| 008 | 110826r20122011meu d 000 1 eng | ||
| 010 | . | ‡a2011036314 | |
| 020 | . | ‡a9781410444226 (hardcover) | |
| 020 | . | ‡a1410444228 (hardcover) | |
| 035 | . | ‡a(OCoLC)748290888 | |
| 040 | . | ‡aDLC ‡cDLC ‡dBTCTA ‡dIK2 | |
| 042 | . | ‡apcc | |
| 043 | . | ‡anwpr--- ‡ae-sp--- | |
| 050 | 1 | 0. | ‡aPS3569.A5452 ‡bC66 2012 |
| 082 | 0 | 0. | ‡a813/.54 ‡223 |
| 100 | 1 | . | ‡aSantiago, Esmeralda. ‡0(LARL_NWRL_CONSORTIUM)111757 |
| 245 | 1 | 0. | ‡aConquistadora ‡h[Large Print] / ‡cby Esmeralda Santiago. |
| 260 | . | ‡aWaterville, Me. : ‡bWheeler Pub., ‡c2012. | |
| 300 | . | ‡a707 p. (large print) ; ‡c23 cm. | |
| 650 | 0. | ‡aWomen plantation owners ‡vFiction. | |
| 650 | 0. | ‡aSugar plantations ‡vFiction. | |
| 650 | 0. | ‡aPlantation life ‡vFiction. ‡0(LARL_NWRL_CONSORTIUM)166611 | |
| 650 | 0. | ‡aSpaniards ‡zPuerto Rico ‡vFiction. | |
| 651 | 0. | ‡aPuerto Rico ‡xHistory ‡y19th century ‡vFiction. | |
| 650 | 0. | ‡aLarge type books. ‡0(LARL_NWRL_CONSORTIUM)24284 | |
| 655 | 7. | ‡aHistorical fiction. ‡2gsafd | |
| 948 | . | ‡hNO HOLDINGS IN LAL - 79 OTHER HOLDINGS | |
| 994 | . | ‡aZ0 ‡bLAL | |
| 901 | . | ‡a138896 ‡bOCLC ‡c138896 ‡tbiblio | |

Add to basket
Permalink
Disable Highlighting